000 00455nam a2200169Ia 4500
005 20250106021813.0
008 240331s9999 xx 000 0 und d
020 _a977424365x
082 _bTRI
_a962
100 _aTrigger, B.G
245 0 _aEarly civilisation :
_bancient Egypt in context
260 _aNew york
_bThe American University inn Cairo Press
_c1993
300 _aviii, 158 p.,
650 _aAncient Society
650 _aHistory
942 _cL
999 _c3485
_d3485